[Event "Lippe Cup-A 07th"]
[Site "Lieme"]
[Date "2010.10.17"]
[Round "5"]
[White "Gutman, Lev"]
[Black "Punsaem, Gap"]
[Result "1-0"]
[WhiteElo "2419"]
[BlackElo "2001"]
[PlyCount "65"]
[EventDate "2010.10.15"]
[EventType "swiss"]
[EventRounds "5"]
[EventCountry "GER"]
[SourceTitle "CBM 138 Extra"]
[Source "ChessBase"]
[SourceDate "2010.10.29"]
[SourceVersion "1"]
[SourceVersionDate "2010.10.29"]
[SourceQuality "1"]

1. Nf3 Nf6 2. g3 g6 3. Bg2 Bg7 4. 0-0 0-0 5. d4 d6 6. c4 c6 7. Nc3 Nbd7 8. e4 e5 9. h3 Qc7 10. Be3 Rd8 11. Qc2 Nf8 12. Rad1 Be6 13. b3 Ne8 14. Rd2 f5 15. Rfd1 d5 16. Bg5 Bf6 17. cxd5 cxd5 18. Nxd5 Qxc2 19. Nxf6+ Nxf6 20. Rxc2 Nxe4 21. Bxd8 Rxd8 22. Nxe5 Bd5 23. Nd3 b6 24. Nb4 Bf7 25. Nc6 Ra8 26. Re1 Kg7 27. Bxe4 fxe4 28. Rxe4 Bd5 29. Re5 Bxc6 30. Rxc6 Rd8 31. d5 Nd7 32. Re7+ Kh6 33. Rd6 1-0

[Event "Lippe Cup-A 07th"]
[Site "Lieme"]
[Date "2010.10.15"]
[Round "1"]
[White "Quehl, Thomas"]
[Black "Punsaem, Gap"]
[Result "0-1"]
[WhiteElo "1864"]
[BlackElo "2001"]
[PlyCount "60"]
[EventDate "2010.10.15"]
[EventType "swiss"]
[EventRounds "5"]
[EventCountry "GER"]
[SourceTitle "CBM 138 Extra"]
[Source "ChessBase"]
[SourceDate "2010.10.29"]
[SourceVersion "1"]
[SourceVersionDate "2010.10.29"]
[SourceQuality "1"]

1. b4 d5 2. Bb2 Bf5 3. e3 e6 4. Nf3 Nf6 5. b5 c5 6. Be2 Nbd7 7. Nh4 Be4 8. d3 Bg6 9. Nxg6 hxg6 10. Nd2 Qa5 11. a4 Rh4 12. c3 Bd6 13. h3 Ne5 14. f4 Ned7 15. 0-0 Ke7 16. Nf3 Rh6 17. Ng5 Qc7 18. Qd2 Nh5 19. Qe1 Rah8 20. c4 f6 21. Nf3 d4 22. Nh2 f5 23. Bxh5 Rxh5 24. Nf3 dxe3 25. Bxg7 Rg8 26. g4 Rh7 27. Be5 Bxe5 28. fxe5 Nxe5 29. Qxe3 Nxg4 30. hxg4 Qg3# 0-1

[Event "Lippe Cup 03rd"]
[Site "Lieme"]
[Date "2006.10.08"]
[Round "4"]
[White "Soelter, Reinhold"]
[Black "Punsaem, Gap"]
[Result "0-1"]
[WhiteElo "2164"]
[BlackElo "1999"]
[PlyCount "70"]
[EventDate "2006.10.06"]
[EventType "swiss"]
[EventRounds "5"]
[EventCountry "GER"]
[SourceTitle "EXT 2012"]
[Source "ChessBase"]
[SourceDate "2011.11.24"]
[SourceVersion "1"]
[SourceVersionDate "2011.11.24"]
[SourceQuality "1"]

1. e4 c5 2. Nf3 e6 3. d4 cxd4 4. Nxd4 Qb6 5. Nb3 Qc7 6. Nc3 a6 7. Be3 Nf6 8. Be2 Bb4 9. f3 Bxc3+ 10. bxc3 Qxc3+ 11. Kf2 0-0 12. Bc5 Re8 13. Qd6 Nc6 14. Rhd1 Qe5 15. a4 Qh5 16. c4 e5 17. Kg1 Nxe4 18. fxe4 Qxe2 19. Nd2 b6 20. Re1 Qg4 21. Bxb6 Re6 22. Qc5 Bb7 23. h3 Qg6 24. Nf3 Rc8 25. Qd5 Rd6 26. Nxe5 Nxe5 27. Qxb7 Re8 28. Reb1 Nf3+ 29. Kf2 Rd2+ 30. Kxf3 Qxg2+ 31. Kf4 g5+ 32. Kf5 Qf3+ 33. Kxg5 Rg2+ 34. Kh4 Qf6+ 35. Kh5 Qg5# 0-1

[Event "Bielefeld Gr3"]
[Site "Bielefeld"]
[Date "2006.06.05"]
[Round "7"]
[White "Calder, Dennis"]
[Black "Punsaem, Gap"]
[Result "1/2-1/2"]
[WhiteElo "1866"]
[BlackElo "1914"]
[PlyCount "43"]
[EventDate "2006.06.02"]
[EventType "tourn"]
[EventRounds "7"]
[EventCountry "GER"]
[SourceTitle "EXT 2007"]
[Source "ChessBase"]
[SourceDate "2006.11.23"]
[SourceVersion "1"]
[SourceVersionDate "2006.11.23"]
[SourceQuality "1"]

1. d4 d5 2. Nf3 c6 3. c4 a6 4. cxd5 cxd5 5. Nc3 Nc6 6. Bf4 g6 7. e3 Bg7 8. Bd3 b5 9. Rc1 Bb7 10. 0-0 Nh6 11. Bb1 0-0 12. h3 Nf5 13. Ne2 Nd6 14. b3 b4 15. Bxd6 Qxd6 16. Qd2 a5 17. Nf4 e5 18. dxe5 Nxe5 19. Nxe5 Bxe5 20. Ne2 f5 21. Rcd1 Rad8 22. Nd4 1/2-1/2

[Event "Bielefeld Gr3"]
[Site "Bielefeld"]
[Date "2006.06.03"]
[Round "3"]
[White "Unruh, Heinrich"]
[Black "Punsaem, Gap"]
[Result "1/2-1/2"]
[WhiteElo "1826"]
[BlackElo "1914"]
[PlyCount "56"]
[EventDate "2006.06.02"]
[EventType "tourn"]
[EventRounds "7"]
[EventCountry "GER"]
[SourceTitle "EXT 2007"]
[Source "ChessBase"]
[SourceDate "2006.11.23"]
[SourceVersion "1"]
[SourceVersionDate "2006.11.23"]
[SourceQuality "1"]

1. e4 c6 2. d4 d5 3. e5 Bf5 4. Nc3 e6 5. g4 Bg6 6. Nge2 f6 7. Nf4 Bf7 8. exf6 gxf6 9. Qe2 Qe7 10. Nd3 Nd7 11. f4 0-0-0 12. Na4 h5 13. g5 fxg5 14. fxg5 Bg7 15. c3 h4 16. Bh3 Re8 17. 0-0 Kb8 18. Bg4 Bg6 19. Nf4 Bf5 20. Bxf5 exf5 21. Qxe7 Nxe7 22. Ne6 Reg8 23. Bf4+ Kc8 24. Bd6 Nf8 25. Nac5 Nxe6 26. Nxe6 Kd7 27. Ba3 Bf6 28. Rae1 Bxg5 1/2-1/2

[Event "Bielefeld Gr3"]
[Site "Bielefeld"]
[Date "2006.06.02"]
[Round "1"]
[White "Beer, Markus"]
[Black "Punsaem, Gap"]
[Result "1/2-1/2"]
[WhiteElo "1797"]
[BlackElo "1914"]
[PlyCount "67"]
[EventDate "2006.06.02"]
[EventType "tourn"]
[EventRounds "7"]
[EventCountry "GER"]
[SourceTitle "EXT 2007"]
[Source "ChessBase"]
[SourceDate "2006.11.23"]
[SourceVersion "1"]
[SourceVersionDate "2006.11.23"]
[SourceQuality "1"]

1. e4 c6 2. d4 d5 3. Nc3 dxe4 4. Nxe4 Nd7 5. Ng5 Ngf6 6. Bc4 e6 7. Ne2 h6 8. Nf3 Nb6 9. Bb3 c5 10. c3 cxd4 11. Nexd4 Bc5 12. 0-0 0-0 13. Bc2 Nbd5 14. Qe2 a6 15. a4 Qc7 16. Nb3 Bd6 17. h3 b6 18. Nbd2 Nf4 19. Qe1 Bb7 20. Ne4 Bxe4 21. Bxe4 Rad8 22. Bxf4 Bxf4 23. Qe2 Nxe4 24. Qxe4 Rd5 25. Rfd1 Rfd8 26. Rd4 Rxd4 27. Nxd4 Rd5 28. Re1 Qd6 29. Qe2 Re5 30. Qd1 Rd5 31. Qe2 Re5 32. Qd1 Rd5 33. Qe2 Re5 34. Qd1 1/2-1/2

[Event "Werther Schloss op-B 12th"]
[Site "Werther"]
[Date "2006.04.08"]
[Round "2"]
[White "Punsaem, Gap"]
[Black "Ollech, Dirk"]
[Result "1-0"]
[WhiteElo "2007"]
[BlackElo "1878"]
[PlyCount "91"]
[EventDate "2006.04.07"]
[EventType "swiss"]
[EventRounds "5"]
[EventCountry "GER"]
[SourceTitle "EXT 2008"]
[Source "ChessBase"]
[SourceDate "2007.11.25"]
[SourceVersion "1"]
[SourceVersionDate "2007.11.25"]
[SourceQuality "1"]

1. e4 c5 2. Nf3 d6 3. d3 Nc6 4. g3 g6 5. Bg2 Bg7 6. 0-0 Nf6 7. c3 0-0 8. Re1 Bg4 9. h3 Bxf3 10. Qxf3 Rb8 11. Be3 Nd7 12. Nd2 b5 13. Nf1 b4 14. Rec1 Qa5 15. Qg4 Nde5 16. Qd1 bxc3 17. bxc3 Qa6 18. d4 Nd3 19. Rc2 cxd4 20. cxd4 Nxd4 21. Rd2 Ne6 22. Nh2 Bxa1 23. Qxa1 Rfc8 24. Bf1 Rb3 25. Qd1 Rbc3 26. Bxd3 Qa3 27. Kg2 Rc1 28. Qf3 h5 29. g4 Qa5 30. gxh5 Qxh5 31. Ng4 Ng5 32. Qg3 Re1 33. f4 Qxh3+ 34. Qxh3 Nxh3 35. Kxh3 f5 36. exf5 gxf5 37. Bxf5 Rc3 38. Bd3 Rh1+ 39. Nh2 a5 40. Bd4 Rcc1 41. Be4 Rhe1 42. Bd5+ e6 43. Bb3 Re4 44. f5 Kf8 45. fxe6 a4 46. Bd5 1-0

[Event "Dortmund op-B"]
[Site "Dortmund"]
[Date "2005.07.09"]
[Round "2"]
[White "Rohovoy, Dimitrij"]
[Black "Punsaem, Gap"]
[Result "0-1"]
[WhiteElo "1643"]
[BlackElo "2022"]
[PlyCount "94"]
[EventDate "2005.07.08"]
[EventType "swiss"]
[EventRounds "9"]
[EventCountry "GER"]
[SourceTitle "CBM 107 Extra"]
[Source "ChessBase"]
[SourceDate "2005.09.01"]
[SourceVersion "1"]
[SourceVersionDate "2005.09.01"]
[SourceQuality "1"]

1. d4 d5 2. c4 c6 3. Nc3 Nf6 4. Nf3 a6 5. e3 e6 6. Bd3 dxc4 7. Bxc4 b5 8. Bd3 c5 9. 0-0 cxd4 10. Nxd4 Bb7 11. Nf3 Be7 12. e4 Nbd7 13. Bf4 b4 14. e5 Nh5 15. Ne2 Bxf3 16. gxf3 Nxf4 17. Nxf4 Qa5 18. Be4 Rd8 19. Bc6 Qxe5 20. Ng2 0-0 21. Bxd7 Qc7 22. Qa4 Rxd7 23. Qxa6 Qc2 24. Rab1 Bc5 25. Rfc1 Qxf2+ 26. Kh1 Qxf3 27. Qb5 Rd2 28. Qf1 Qxf1+ 29. Rxf1 Rfd8 30. Rfc1 Bd6 31. h3 Be5 32. Ne3 Bf4 33. Nf1 R2d4 34. Rc2 f5 35. Kg2 Kf7 36. Re1 e5 37. Rc5 Kf6 38. Rc6+ R8d6 39. Rc8 e4 40. Rf8+ Kg5 41. h4+ Kg4 42. Nh2+ Bxh2 43. Kxh2 Rd1 44. Rxd1 Rxd1 45. Rg8 Rd2+ 46. Kg1 g6 47. Rg7 Kg3 0-1